| 000 | 01192cam a2200265 a 4500 | ||
|---|---|---|---|
| 001 | 1843458 | ||
| 003 | NUST | ||
| 005 | 20221213180457.0 | ||
| 008 | 811124s1982 nyua b 001 0 eng | ||
| 010 | _a 81019009 | ||
| 020 | _a0393015297 | ||
| 040 |
_aDLC _cDLC _dDLC |
||
| 043 |
_aaw----- _ae------ |
||
| 050 | 0 | 0 |
_aDS63.2.E8 _bL48 1982 |
| 082 | 0 | 0 |
_a303.4821,LEW _219 |
| 100 | 1 |
_aLewis, Bernard, _d1916-2018. _985942 |
|
| 245 | 1 | 4 |
_aThe Muslim discovery of Europe / _cBernard Lewis. |
| 250 | _a1st ed. | ||
| 260 |
_aNew York : _bW.W. Norton, _cc1982. |
||
| 300 |
_a350 p. : _bill. ; _c24 cm. |
||
| 505 | _aPreface (Page-11), Contact and Impact (Page-17), The Muslim View of the World (Page-59), On Language and Translation (Page-71), Media and Intermediaries (page-89), Muslim Scholarship about the West (Page-135), Religion (Page-171), The Economy: Perceptions and Contacts (Page-185), Government and Justice (Page-201), Science and Technology (Page-221), Culture Life (Page-239), Social And Personal (page-279) ,Conclusions (page-295). | ||
| 651 | 0 |
_aMiddle East _xRelations _zEurope. _9104786 |
|
| 651 | 0 |
_aEurope _xRelations _zMiddle East. _9104787 |
|
| 942 |
_2ddc _cBK _k303.4821,LEW |
||
| 999 |
_c592681 _d592681 |
||